[Event "MDM 2008 Summer Open <1600"]
[Site "SchemingMind.com"]
[Date "2008.04.14"]
[Round "-"]
[White "scottie"]
[Black "dtedesco"]
[Result "1-0"]
[WhiteCountry "ENG"]
[BlackCountry "CAN"]
[WhiteElo "1453"]
[WhiteRD "73"]
[BlackElo "1460"]
[BlackRD "54"]
[GameID "150475"]

1. e4 c5 2. c4 Nc6 3. Nf3 d6 4. d3 Nf6 5. Nc3 g6 6. Be3 Bg7 7. Be2 O-O 8. O-O a6 9. Qd2 b6 10. Bh6 e6
11. Bxg7 Kxg7 12. Qf4 e5 13. Qe3 Nb4 14. Bd1 Ra7 15. a3 Nc6 16. Rb1 Nd4 17. Qd2 Bb7 18. Nxd4 cxd4 19. Ne2 Bc6 20. b3 b5
21. Ng3 h6= 22. Rc1 Ba8 23. Bf3 Nd7 24. Rc2 f6 25. Rfc1 h5 26. h4 Bc6 27. Qb4 Nc5 28. Qe1 Nxd3 29. Qd2 Nf4 30. cxb5 Bxb5
31. Ne2 Bxe2 32. Bxe2 Nxe2+ 33. Qxe2 Rff7 34. Rc6 a5 35. a4 Rab7 36. Qc4 f5 37. Qd5 Rf6 38. Ra6 fxe4 39. Qxb7+ Rf7 40. Qxe4 Rf4
41. Qe1 Qxh4 42. g3 Qg4 43. Rxd6 Qg5 44. Rc7+ Kh6 45. Rc8 h4 46. Rh8+ Kg7 47. Rdd8 Kf6 48. Rdf8+ Kg7 49. Rxf4 Kxh8 50. Rxh4+ Kg7
51. Qxa5 d3 52. Rd4 Qf5 53. g4 Qf3 54. Qxe5+ Kh6 55. Qf4+ Qxf4= 56. Rxf4 d2 57. Rd4 Kg5 58. f3
1-0

[Event "MDM 2008 Summer Open <1600"]
[Site "SchemingMind.com"]
[Date "2008.04.14"]
[Round "-"]
[White "dtedesco"]
[Black "scottie"]
[Result "0-1"]
[WhiteCountry "CAN"]
[BlackCountry "ENG"]
[WhiteElo "1471"]
[WhiteRD "57"]
[BlackElo "1538"]
[BlackRD "84"]
[GameID "150476"]

1. e4 e5 2. f4 exf4 3. Nf3 d6 4. d4 Nc6 5. Bxf4 Nf6 6. Nc3 Be6 7. d5 Bxd5 8. Nxd5 Nxd5 9. Qxd5 Qf6 10. g3 Qxb2
11. Rd1 Nb4 12. Qb5+ c6 13. Qxb7 Nxc2+ 14. Kf2 Qxb7 15. Bc4 Qb6+ 16. Kg2 Ne3+ 17. Bxe3 Qxe3 18. Rhe1 Qc3 19. Rc1 Qf6 20. e5 dxe5
21. Nxe5 Be7 22. Bxf7+ Qxf7 23. Nxf7 Kxf7 24. Rxc6 Rac8 25. Rf1+ Bf6 26. Ra6 Rc2+ 27. Rf2 Rxf2+ 28. Kxf2 Bd4+ 29. Kf3 Re8 30. a4 Re7
31. h4 Re6 32. g4 Rxa6 33. Ke4 Rxa4 34. h5 h6 35. Kd3 Ke6 36. Ke4 a5 37. Kd3 Ke5 38. Kc2 Ra3 39. Kb1 Kf4 40. Kc2 Kxg4
0-1

[Event "MDM 2008 Summer Open <1600"]
[Site "SchemingMind.com"]
[Date "2008.04.17"]
[Round "-"]
[White "Brerrabbit"]
[Black "scottie"]
[Result "1-0"]
[WhiteCountry "SCO"]
[BlackCountry "ENG"]
[WhiteElo "1480"]
[WhiteRD "64"]
[BlackElo "1393"]
[BlackRD "101"]
[GameID "151071"]

1. e4 e5 2. Nf3 d6 3. d4 exd4 4. Nxd4 Nf6 5. Bd3 Qe7 6. Nc3 d5 7. O-O Qd6 8. Re1 Be7 9. e5 Qc5 10. exf6 gxf6
11. Ndb5 Bd7 12. Bf4 Bxb5 13. Nxb5 c6 14. Nc7+ Kd7 15. Nxa8 Bd6 16. Bxd6 Qxd6 17. Qg4+ Kd8 18. Re3 Nd7 19. Rae1 Qb8 20. Re7 Qc8
21. Bf5
1-0

[Event "MDM 2008 Summer Open <1600"]
[Site "SchemingMind.com"]
[Date "2008.04.17"]
[Round "-"]
[White "Brerrabbit"]
[Black "dtedesco"]
[Result "1-0"]
[WhiteCountry "SCO"]
[BlackCountry "CAN"]
[WhiteElo "1457"]
[WhiteRD "67"]
[BlackElo "1460"]
[BlackRD "54"]
[GameID "151072"]

1. e4 c5 2. d4 e6 3. Nf3 cxd4 4. Nxd4 a6 5. Nc3 Qc7 6. Nde2 Nf6 7. Bf4 e5 8. Bg3 Bc5 9. Nd5 Qa5+ 10. Ndc3 Ng4
11. h3 Nxf2 12. Bxf2 b6 13. Ng3 Bxf2+ 14. Kxf2 Qc5+ 15. Ke1 Qe3+ 16. Nge2 Nc6 17. Nd5 Qc5 18. Nec3 O-O 19. Na4 Qa5+ 20. Nac3 d6
21. Qe2 Nd4 22. Ne7+ Kh8 23. Qf2 Bb7 24. Bc4 f6 25. Kd1 b5 26. Bd5 Ra7 27. Nf5 Bxd5 28. Nxd5 Rd7 29. c3 Ne6 30. b4 Qa4+
31. Ke1 Nf4 32. Qg3 g5 33. Qg4 Nd3+ 34. Kd2 Nf2 35. Qf3 Nxh1 36. Rxh1 Qxa2+ 37. Kd3 Qc4+ 38. Ke3 Rdd8 39. Nb6 Qxc3+ 40. Kf2 Qc5+
41. bxc5 dxc5 42. Qa3 Rd2+ 43. Kg3 Rfd8 44. Qxc5 h5 45. Qe7 h4+ 46. Kf3 g4+ 47. hxg4 R8d3+ 48. Ne3 b4 49. Rxh4+ Kg8 50. Qh7+ Kf8
51. Qh8+ Ke7 52. Rh7+ Kd6 53. Nc4+ Kc5 54. Rc7+ Kd4 55. Qd8+ Kc3 56. Nxd2+ Kxd2 57. Rc2+
1-0

[Event "MDM 2008 Summer Open <1600"]
[Site "SchemingMind.com"]
[Date "2008.04.18"]
[Round "-"]
[White "scottie"]
[Black "Brerrabbit"]
[Result "1-0"]
[WhiteCountry "ENG"]
[BlackCountry "SCO"]
[WhiteElo "1531"]
[WhiteRD "84"]
[BlackElo "1464"]
[BlackRD "62"]
[GameID "151073"]

1. e4 e5 2. Nf3 Nc6 3. c4 Nf6 4. Nc3 Nd4 5. Nxd4 exd4 6. e5 dxc3 7. exf6 Qxf6 8. dxc3 Bc5 9. Qe2+ Be7 10. Qe3 O-O
11. Bd3 b6 12. O-O Bb7 13. Be4 Bxe4 14. Qxe4 Rae8 15. Be3 Bc5 16. Qd3 d6 17. Rad1 Re6 18. Bxc5 Rd8 19. Bd4 Qg6 20. Qxg6 fxg6
21. Rde1 Rxe1 22. Rxe1 c5 23. Be3 d5 24. cxd5 Rxd5 25. g3 c4 26. Re2 Rd1+ 27. Kg2 Rb1 28. a3 Rd1 29. Bd4 h5 30. Be5 Rd5
31. Bb8 a5 32. Bc7 Rb5 33. Re6 h4 34. Rxb6 Rg5 35. Rb8+ Kf7 36. Rb7 Rh5 37. Bxa5+ Kf6 38. Bd8+ Ke6 39. Bxh4 Rd5 40. Rxg7 Rd2
41. Rxg6+ Ke5 42. Rb6
1-0

[Event "MDM 2008 Summer Open <1600"]
[Site "SchemingMind.com"]
[Date "2008.04.17"]
[Round "-"]
[White "dtedesco"]
[Black "Brerrabbit"]
[Result "1-0"]
[WhiteCountry "CAN"]
[BlackCountry "SCO"]
[WhiteElo "1470"]
[WhiteRD "56"]
[BlackElo "1464"]
[BlackRD "62"]
[GameID "151074"]

1. e4 e5 2. f4 exf4 3. Nf3 g5 4. Bc4 Bg7 5. d4 Qe7 6. h3 Nf6 7. Nc3 d6 8. Nxg5 Be6 9. Bxe6 fxe6 10. Bxf4 Nc6
11. Qe2 O-O-O 12. O-O-O h6 13. d5 Nxd5 14. exd5 Ne5 15. Nxe6 Rde8 16. Nb5 c6 17. Nbc7 Reg8 18. dxc6 Nxc6 19. Bxd6 Qf6 20. c3 Nd8
21. Rhf1 Qg6 22. g4 Nxe6 23. Nxe6 Re8 24. Qc4+ Kd7 25. Bb4+
1-0

[Event "MDM 2008 Summer Open <1600"]
[Site "SchemingMind.com"]
[Date "2008.04.21"]
[Round "-"]
[White "boba1844"]
[Black "Brerrabbit"]
[Result "0-1"]
[WhiteCountry "USA"]
[BlackCountry "SCO"]
[WhiteElo "1179"]
[WhiteRD "82"]
[BlackElo "1457"]
[BlackRD "67"]
[GameID "151315"]

1. e4 e5 2. Bc4 Nf6 3. Bxf7+ Kxf7 4. Qf3 Bc5 5. Nh3 Re8 6. Ng5+ Kg8 7. O-O d5 8. d3 Bg4 9. Qg3 Nc6 10. Nc3 d4
11. Nf7 Qe7 12. Ng5 Qd7 13. Nd5 Nb4 14. Nxf6+ gxf6 15. Nxh7 Kxh7 16. Qh4+ Kg7 17. Qh6+ Kg8 18. Qxf6 Nxc2 19. Qg6+ Qg7 20. Qxg7+ Kxg7
21. Rb1 Rh8 22. b4 Nxb4 23. Bg5 Nxd3 24. Rxb7 Rab8 25. Rxc7+ Kg6 26. Rc6+ Kxg5 27. f3 Bd7 28. f4+ exf4 29. Rc7 Bb5 30. Rg7+ Kf6
31. Rg4 Rbg8 32. Rxg8 Rxg8 33. g3 Nb4 34. Rxf4+ Ke5 35. Rf5+ Kd6 36. e5+ Ke6 37. a3 Kxf5 38. axb4 Bxb4 39. Kf2 Kxe5 40. Kf3 d3
41. Kf2 d2 42. Ke3 d1=Q 43. Kf2 Qf1+ 44. Ke3 Qe2#
0-1

[Event "MDM 2008 Summer Open <1600"]
[Site "SchemingMind.com"]
[Date "2008.04.20"]
[Round "-"]
[White "boba1844"]
[Black "scottie"]
[Result "0-1"]
[WhiteCountry "USA"]
[BlackCountry "ENG"]
[WhiteElo "1159"]
[WhiteRD "84"]
[BlackElo "1469"]
[BlackRD "75"]
[GameID "151316"]

1. e4 e5 2. Bc4 Nf6 3. Bxf7+ Kxf7 4. Qf3 d5 5. d3 d4 6. Nh3 Bxh3 7. Qxh3 Qd7 8. Qxd7+ Nbxd7 9. O-O Be7 10. Bg5 h6
11. Bxf6 Nxf6 12. f4 exf4 13. Rxf4 Bd6 14. Rf5 g6 15. Rf3 Rae8 16. c3 dxc3 17. Nxc3 b6 18. Raf1 Re6 19. Nd5 Be5 20. Nxf6 Rxf6
21. Rxf6+ Bxf6 22. e5 Ke6 23. exf6 Rf8 24. Re1+ Kxf6 25. h4 g5 26. hxg5+ Kxg5 27. Re5+ Kf6 28. d4 c6 29. g4 c5 30. Rf5+ Ke7
31. Re5+ Kd6 32. g5 cxd4 33. Re4 hxg5 34. Rxd4+ Kc7 35. Rd5 Rg8 36. Rd2 Kc6 37. b4 b5 38. Rc2+ Kb6 39. a3 Rf8 40. Rd2 Kc6
41. Kg2 Rf5 42. Kg3 Rd5 43. Re2 Rd3+ 44. Kg4 Rxa3 45. Re6+ Kd5 46. Rg6 Kc4 47. Rxg5 Kxb4 48. Rf5 a6 49. Rf4+ Kc5 50. Rf5+ Kb6
51. Rf6+ Ka5 52. Kg5 Rc3 53. Rf1 b4 54. Rf5+ Kb6 55. Rf6+ Rc6
0-1

[Event "MDM 2008 Summer Open <1600"]
[Site "SchemingMind.com"]
[Date "2008.04.20"]
[Round "-"]
[White "boba1844"]
[Black "dtedesco"]
[Result "0-1"]
[WhiteCountry "USA"]
[BlackCountry "CAN"]
[WhiteElo "1179"]
[WhiteRD "82"]
[BlackElo "1460"]
[BlackRD "54"]
[GameID "151317"]

1. e4 c5 2. Bc4 e6 3. e5 Nc6 4. c3 Nxe5 5. Be2 d5 6. d4 cxd4 7. Bb5+ Bd7 8. Bxd7+ Nxd7 9. cxd4 Ngf6 10. Qf3 Bb4+
11. Nc3 Qb6 12. Be3 Ne4 13. Nh3 Nxc3 14. O-O Ne4 15. Qh5 O-O 16. a3 Ndf6 17. Qh4 Bd2 18. Bxd2 Nxd2 19. Rfd1 Nfe4 20. Qe7 Qxb2
21. Qb4 Qc2 22. f3 Nb3 23. Rab1 Nbd2 24. fxe4 Nxe4 25. Nf4 Qf2+ 26. Kh1= Qxf4 27. Rf1 Qg5 28. Qxb7 Nd2 29. Qb2 Nxf1 30. Rxf1 Rab8
31. Qf2 Rb3 32. a4 Rfb8 33. Qxf7+ Kh8 34. Qxe6 Rb1 35. Kg1 Rxf1+ 36. Kxf1 Qf4+ 37. Ke2 Rb2+ 38. Kd3 Qd2#
0-1

[Event "MDM 2008 Summer Open <1600"]
[Site "SchemingMind.com"]
[Date "2008.04.22"]
[Round "-"]
[White "Brerrabbit"]
[Black "boba1844"]
[Result "0-1"]
[WhiteCountry "SCO"]
[BlackCountry "USA"]
[WhiteElo "1448"]
[WhiteRD "68"]
[BlackElo "1206"]
[BlackRD "88"]
[GameID "151318"]

1. e4 e5 2. Nf3 Bc5 3. Qe2 Qe7 4. Nc3 d6 5. g3 Bg4 6. Bg2 Nc6 7. h3 Be6 8. d3 Nf6 9. Bg5 Nd4 10. Qd2 O-O
11. O-O-O Nxf3 12. Qe2 Nd4 13. Qd2 Bb4 14. a3 Bxc3 15. Qxc3 Ne2+ 16. Kb1 Nxc3+ 17. bxc3 d5 18. exd5 Bd7 19. Rhe1 Ba4 20. d4 Rad8
21. dxe5 c6 22. exf6 Qxa3 23. Re4 Bxc2+ 24. Kxc2 Qa2+ 25. Kc1 g6 26. Rde1 Qxd5 27. c4 Qxg5+ 28. Kc2 b5 29. h4 Qxf6 30. Kb3 Rd3+
31. Kb4 Qb2+ 32. Kc5 Qa3+ 33. Kxc6 Qd6+ 34. Kxb5 a6+ 35. Ka5 Ra3#
0-1

[Event "MDM 2008 Summer Open <1600"]
[Site "SchemingMind.com"]
[Date "2008.04.19"]
[Round "-"]
[White "scottie"]
[Black "boba1844"]
[Result "1-0"]
[WhiteCountry "ENG"]
[BlackCountry "USA"]
[WhiteElo "1531"]
[WhiteRD "84"]
[BlackElo "1131"]
[BlackRD "90"]
[GameID "151319"]

1. e4 e5 2. Nf3 Bc5 3. Nxe5 Bxf2+ 4. Kxf2 Qf6+ 5. Nf3 Nc6 6. d4 Nh6 7. Bxh6 Qxh6 8. Qd2 Qf6 9. e5 Qf5 10. Nc3 O-O
11. Re1 d6 12. Bd3 Qg4 13. h3 dxe5 14. hxg4 h6 15. Nxe5 Nxd4 16. Qe3 Nc6 17. Nxc6 bxc6 18. Qe4 g6 19. Rxh6 f5 20. Qe7 Ba6
21. Qh7#
1-0

[Event "MDM 2008 Summer Open <1600"]
[Site "SchemingMind.com"]
[Date "2008.04.19"]
[Round "-"]
[White "dtedesco"]
[Black "boba1844"]
[Result "1-0"]
[WhiteCountry "CAN"]
[BlackCountry "USA"]
[WhiteElo "1460"]
[WhiteRD "54"]
[BlackElo "1179"]
[BlackRD "82"]
[GameID "151320"]

1. e4 e5 2. f4 Nc6 3. Nf3 Bc5 4. fxe5 Qe7 5. Bc4 Bf2+ 6. Kxf2 Qc5+ 7. Kg3 Nh6 8. Na3 Nxe5 9. d4 O-O 10. dxc5 d6
11. cxd6 cxd6 12. Qxd6 Bg4 13. Qxe5 Rae8 14. Bxf7+ Nxf7 15. Qd5 Bxf3 16. gxf3 Kh8 17. Qxb7 Ne5 18. Rf1 Ng6 19. f4 Ne7 20. Qxa7 Nc6
21. Qc5 Ne7 22. b3 Ng6 23. f5 Ne7 24. Bg5 Nc8 25. Nb5 Rf7 26. Rad1 h6 27. Bc1 Ne7 28. Nd6 Rf6 29. Nxe8 Rc6 30. Qxe7 Rc3+
31. Rd3 Rxc2 32. Qxg7#
1-0

[Event "MDM 2008 Summer Open <1600"]
[Site "SchemingMind.com"]
[Date "2008.04.24"]
[Round "-"]
[White "hawkeye"]
[Black "Brerrabbit"]
[Result "1-0"]
[WhiteCountry "USA"]
[BlackCountry "SCO"]
[WhiteElo "1478"]
[WhiteRD "94"]
[BlackElo "1464"]
[BlackRD "62"]
[GameID "151646"]

1. c4 e5 2. Nc3 d6 3. d3 Nc6 4. Nf3 Nf6 5. Bd2 Qe7 6. g3 d5 7. cxd5 Nd4 8. Bg2 Bf5 9. O-O Qd6 10. Ng5 Be7
11. Be3 Ng4 12. Bxd4 exd4 13. Nce4 Qxd5 14. Nf6+ Bxf6 15. Bxd5 Bxg5 16. Kg2 O-O-O 17. Bf3 c5 18. e4 Be6 19. Bxg4 Rhf8 20. Bxe6+ fxe6
21. Qg4 Bf6 22. Qxe6+ Kb8 23. Rac1 Rfe8 24. Qb3 g5 25. Rxc5 b6 26. Rfc1 h5 27. Rc6 h4 28. Rxf6 hxg3 29. fxg3
1-0

[Event "MDM 2008 Summer Open <1600"]
[Site "SchemingMind.com"]
[Date "2008.04.24"]
[Round "-"]
[White "hawkeye"]
[Black "scottie"]
[Result "1-0"]
[WhiteCountry "USA"]
[BlackCountry "ENG"]
[WhiteElo "1538"]
[WhiteRD "88"]
[BlackElo "1538"]
[BlackRD "84"]
[GameID "151647"]

1. Nf3 f5 2. d4 d5 3. c3 e6 4. Bf4 Bd6 5. Ne5 Bd7 6. e3 Nc6 7. Qh5+ g6 8. Nxg6 Nf6 9. Qh3 Ne7 10. Nxh8 Bxf4
11. exf4 Bc6 12. Na3 Qd7 13. Be2 O-O-O 14. Nf7 Rf8 15. Ne5 Qe8 16. Bd3 Ng6 17. O-O Nxf4 18. Qf3 Nxd3 19. Qxd3 Rg8 20. Nxc6 Qxc6
21. Nc2 Qd6 22. Ne3 f4 23. Nf5 Qd7 24. Nh4 Qg7 25. Qh3 Re8 26. Nf3 Ne4 27. Rad1 Rg8 28. Qxe6+ Kb8 29. Qh3 h6 30. Rfe1 Ng5
31. Qg4 Nxf3+ 32. Qxf3 a6 33. Qxd5 c6 34. Qf3 Ka7 35. Re4 h5 36. Rxf4 Qg5 37. d5 cxd5 38. Rxd5 Qg6 39. Rb4 Rg7 40. h3
1-0

[Event "MDM 2008 Summer Open <1600"]
[Site "SchemingMind.com"]
[Date "2008.04.26"]
[Round "-"]
[White "hawkeye"]
[Black "boba1844"]
[Result "1-0"]
[WhiteCountry "USA"]
[BlackCountry "USA"]
[WhiteElo "1524"]
[WhiteRD "87"]
[BlackElo "1179"]
[BlackRD "82"]
[GameID "151648"]

1. d4 d5 2. Nf3 Nc6 3. e3 e6 4. Nbd2 Bb4 5. c3 Nf6 6. cxb4 Ne4 7. a3 Nxf2 8. Kxf2 O-O 9. Bd3 Qf6 10. Nb3 e5
11. dxe5 Nxe5 12. Be2 Bg4 13. Nd4 Nxf3 14. Bxf3 Bxf3 15. Nxf3 Rad8 16. Bd2 d4 17. Re1 d3 18. Bc3 Qf5 19. Kg1 c5 20. Rc1 Qg4
21. Nd2 Qxd1 22. Rcxd1 b6 23. Nb3 c4 24. Nd4 Rfe8 25. Bd2 Rc8 26. Nb5 Re6 27. e4 a6 28. Nd4 Rd6 29. Bc3 Rb8 30. Nf5 Re6
31. Nxg7 Rd6 32. Rf1 a5 33. Nf5 Rdd8 34. Ne7+ Kf8 35. Nc6 Re8 36. Nxb8 Rxe4 37. Nd7+ Ke7 38. Nf6 Re3 39. Nxh7 a4 40. Ng5 b5
41. Rxf7+ Kd6 42. Rf2 Kd5 43. Rf5+ Kc6 44. Nf3 Re2 45. Nd4+
1-0

[Event "MDM 2008 Summer Open <1600"]
[Site "SchemingMind.com"]
[Date "2008.04.27"]
[Round "-"]
[White "hawkeye"]
[Black "dtedesco"]
[Result "1-0"]
[WhiteCountry "USA"]
[BlackCountry "CAN"]
[WhiteElo "1541"]
[WhiteRD "90"]
[BlackElo "1466"]
[BlackRD "55"]
[GameID "151649"]

1. d4 d5 2. Nf3 c5 3. Nc3 Nf6 4. Bf4 e6 5. dxc5 Bxc5 6. e3 Nc6 7. Ne5 O-O 8. Be2 a6 9. Nd3 b6 10. Qd2 Ne4
11. Nxe4 dxe4 12. Ne5 Qxd2+ 13. Kxd2 Rd8+ 14. Kc3 Nxe5 15. Bxe5 Bb7 16. a3 Rac8 17. Kb3 Rd2 18. Rhe1 b5 19. c3 Bd5+ 20. c4 bxc4+
21. Kc3 Rd3+ 22. Bxd3 cxd3 23. Kd2 Bb6 24. Rec1 Rxc1 25. Rxc1 Ba5+ 26. b4 f6 27. Rc8+ Kf7 28. Bd6 g5 29. bxa5 e5 30. h3 Ke6
31. Bb4 h5 32. g3 g4 33. h4 Bb3 34. Kc3 Ba4 35. Kc4 f5 36. Kc5 Kd7 37. Rb8 Ke6 38. Rb6+ Kd7 39. Rxa6 f4 40. Kd5 Bb5
41. Rb6 fxg3 42. fxg3 Kc7 43. Rxb5
1-0

[Event "MDM 2008 Summer Open <1600"]
[Site "SchemingMind.com"]
[Date "2008.04.23"]
[Round "-"]
[White "Brerrabbit"]
[Black "hawkeye"]
[Result "0-1"]
[WhiteCountry "SCO"]
[BlackCountry "USA"]
[WhiteElo "1464"]
[WhiteRD "62"]
[BlackElo "1478"]
[BlackRD "94"]
[GameID "151650"]

1. e4 c5 2. d4 cxd4 3. c3 e5 4. Nf3 Nc6 5. Bc4 Qc7 6. cxd4 exd4 7. Nxd4 Nge7 8. Nc3 Ng6 9. Qf3 Nce5 10. Nd5 Qxc4
11. Qc3 Nd3+ 12. Kd2 Qxc3+ 13. bxc3 Nxf2 14. Re1 Bd6 15. Nf5 Ne5 16. Nxg7+ Kd8 17. Ke2 Nfd3 18. Rf1 Nxc1+ 19. Raxc1 b6 20. c4 Ba6
21. Kf2 Nd3+ 22. Ke2 Nxc1+ 23. Rxc1 Rc8 24. Kd3 b5 25. Nf5 Bf8 26. Rc3 b4 27. Rc1 h5 28. e5 Rg8 29. g3 Bc5 30. Nfe7 Bxe7
0-1

[Event "MDM 2008 Summer Open <1600"]
[Site "SchemingMind.com"]
[Date "2008.04.23"]
[Round "-"]
[White "scottie"]
[Black "hawkeye"]
[Result "0-1"]
[WhiteCountry "ENG"]
[BlackCountry "USA"]
[WhiteElo "1531"]
[WhiteRD "84"]
[BlackElo "1478"]
[BlackRD "94"]
[GameID "151651"]

1. e4 e5 2. Nf3 Nc6 3. d4 exd4 4. Nxd4 Nf6 5. Nxc6 bxc6 6. Bd3 d6 7. Nc3 Be7 8. Be3 O-O 9. O-O Ng4 10. Bd2 d5
11. h3 Ne5 12. Qe2 Bb7 13. Bf4 Ng6 14. Bg3 Re8 15. exd5 Bd6 16. Qf3 Nh4 17. Bxh4 Qxh4 18. dxc6 Bc8 19. Bf5 Re5 20. Bxc8 Rxc8
21. Rfe1 Rce8 22. Rxe5 Rxe5 23. Rd1 Qd8 24. Ne4 Qe8 25. Nxd6 cxd6 26. c7 Qd7 27. Rxd6 Re1+ 28. Kh2 Qxd6+ 29. Qg3 Qd7 30. Qc3 Re8
31. b4 Rc8 32. a3 Qxc7+ 33. Qxc7 Rxc7 34. f4 Rxc2
0-1

[Event "MDM 2008 Summer Open <1600"]
[Site "SchemingMind.com"]
[Date "2008.04.23"]
[Round "-"]
[White "boba1844"]
[Black "hawkeye"]
[Result "0-1"]
[WhiteCountry "USA"]
[BlackCountry "USA"]
[WhiteElo "1179"]
[WhiteRD "82"]
[BlackElo "1524"]
[BlackRD "87"]
[GameID "151652"]

1. e4 d5 2. d4 e6 3. Bb5+ Nc6 4. Nh3 a6 5. Bd3 dxe4 6. Bxe4 Bd6 7. Bg5 Nf6 8. Bxf6 Qxf6 9. O-O Nxd4 10. c3 Nc6
11. Bxc6+ bxc6 12. Nd2 Qe5 13. g3 O-O 14. Qg4 Qb5 15. a4 Qxb2 16. Nc4 e5 17. Qxg7+ Kxg7 18. Nxb2 Bxh3 19. Rfe1 c5 20. Nc4 f6
21. Nxd6 cxd6 22. Rab1 Rab8 23. Rbd1 Rb6 24. a5 Rc6 25. c4 Bf5 26. Rd2 Kf7 27. f4 Rg8 28. fxe5 dxe5 29. Rd5 Be6 30. Rd2 Bxc4
31. Rd7+ Kg6 32. Re4 Be6 33. Re7 Bf5 34. Re3 Rg7 35. Rxg7+ Kxg7 36. Rb3 c4 37. Rb7+ Kh6 38. Rf7 c3 39. Rb7 c2 40. Rb4 c1=Q+
41. Kf2 Qd2+ 42. Kf3 Qxb4 43. h4 Rc3+
0-1

[Event "MDM 2008 Summer Open <1600"]
[Site "SchemingMind.com"]
[Date "2008.04.23"]
[Round "-"]
[White "dtedesco"]
[Black "hawkeye"]
[Result "1-0"]
[WhiteCountry "CAN"]
[BlackCountry "USA"]
[WhiteElo "1470"]
[WhiteRD "56"]
[BlackElo "1478"]
[BlackRD "94"]
[GameID "151653"]

1. e4 c5 2. Nf3 d6 3. d4 cxd4 4. Nxd4 e5 5. Bb5+ Nd7 6. f4 Nf6 7. Nf5 Be7 8. Nxg7+ Kf8 9. Nf5 Nxe4 10. Qg4 Rg8
11. Qh3 Ndc5 12. Qh6+
1-0

[Event "MDM 2008 Summer Open <1600"]
[Site "SchemingMind.com"]
[Date "2008.04.23"]
[Round "-"]
[White "Carl Lenox"]
[Black "Brerrabbit"]
[Result "0-1"]
[WhiteCountry "CAN"]
[BlackCountry "SCO"]
[WhiteElo "1230"]
[WhiteRD "65"]
[BlackElo "1480"]
[BlackRD "64"]
[GameID "151719"]

1. e4 e5 2. Nc3 Nf6 3. Nf3 Nc6 4. Bc4 d5 5. Bxd5 Nb4 6. Bc4 Bc5 7. O-O Bg4 8. d3 Qd6 9. Bg5 O-O 10. Qe2 Bd4
11. Nd5 Nfxd5 12. Bxd5 Nxd5 13. exd5 Qxd5 14. Be7 Rfe8 15. Bg5 h6 16. Be3 Bxe3 17. Qxe3 e4 18. Nd2 Re6 19. Qf4 Rg6 20. Qxc7 Bh3
21. Rfe1 e3 22. fxe3 Qxg2#
0-1

[Event "MDM 2008 Summer Open <1600"]
[Site "SchemingMind.com"]
[Date "2008.04.23"]
[Round "-"]
[White "Carl Lenox"]
[Black "hawkeye"]
[Result "0-1"]
[WhiteCountry "CAN"]
[BlackCountry "USA"]
[WhiteElo "1225"]
[WhiteRD "58"]
[BlackElo "1478"]
[BlackRD "94"]
[GameID "151720"]

1. e4 e5 2. Nc3 c6 3. Nf3 d6 4. Bc4 Nf6 5. O-O d5 6. d3 Bg4 7. a3 Bxf3 8. Qxf3 dxc4 9. dxc4 Bd6 10. Be3 O-O
11. b4 Be7 12. Rad1 Qc7 13. b5 b6 14. Qf5 a6 15. Rd3 Nbd7 16. Bh6 cxb5 17. Rg3 Nh5 18. Qxh5 Nf6 19. Qg5 g6 20. Bxf8 Kxf8
21. Qh6+ Kg8 22. Rd1 Bf8 23. Qh4 Qe7 24. Rh3 Bg7 25. Nd5 Qd8 26. Nxf6+ Bxf6 27. Rxd8+ Rxd8 28. Qxh7+ Kf8 29. Rf3 Rd1#
0-1

[Event "MDM 2008 Summer Open <1600"]
[Site "SchemingMind.com"]
[Date "2008.04.22"]
[Round "-"]
[White "Carl Lenox"]
[Black "scottie"]
[Result "0-1"]
[WhiteCountry "CAN"]
[BlackCountry "ENG"]
[WhiteElo "1225"]
[WhiteRD "58"]
[BlackElo "1531"]
[BlackRD "84"]
[GameID "151721"]

1. e4 e5 2. Nc3 Nf6 3. Nf3 b6 4. Bc4 Bb7 5. d3 Nc6 6. Bg5 h6 7. Be3 Bd6 8. O-O Na5 9. d4 Nxc4 10. Qd3 Nxe3
11. Qxe3 Ng4 12. Qe2 O-O 13. Rad1 Re8 14. Nb5 Ba6 15. Rfe1 c6 16. Nxd6 Re6 17. Qxa6 Rxd6 18. c4 Qc7 19. h3 Nf6 20. Nxe5 Re8
21. f4 Ra8 22. b4 Nh5 23. f5 f6 24. Ng6 Kf7 25. Nh8+ Rxh8 26. c5 bxc5 27. b5 cxd4 28. Qa4 c5 29. Qc4+ Ke7 30. g4 Rc8
31. gxh5 Qb6 32. a4 a5 33. e5 fxe5 34. Rxe5+ Kd8 35. Qg8+ Kc7 36. Qxg7 c4 37. f6 d3+ 38. Kh1 Rxf6 39. Qg4 Rcf8 40. Qxc4+ Kb7
41. Rxd3 Rf1+ 42. Kh2 Qf2#
0-1

[Event "MDM 2008 Summer Open <1600"]
[Site "SchemingMind.com"]
[Date "2008.04.22"]
[Round "-"]
[White "Carl Lenox"]
[Black "boba1844"]
[Result "1-0"]
[WhiteCountry "CAN"]
[BlackCountry "USA"]
[WhiteElo "1225"]
[WhiteRD "58"]
[BlackElo "1131"]
[BlackRD "90"]
[GameID "151722"]

1. e4 e5 2. Nc3 Bc5 3. Nf3 Bxf2+ 4. Kxf2 Qf6 5. Bc4 c6 6. d3 Nh6 7. Bg5 Ng4+ 8. Ke2 Qd6 9. Qd2 O-O 10. Rae1 b5
11. Bb3 b4 12. Na4 Ba6 13. Kd1 Nf2+ 14. Qxf2 c5 15. Kc1 Nc6 16. Nxc5 Nd4 17. Be3 Qxc5 18. Qg3 Bxd3 19. Bh6 Nf5 20. Qg4 Rac8
21. exf5 Bxc2 22. Qxg7#
1-0

[Event "MDM 2008 Summer Open <1600"]
[Site "SchemingMind.com"]
[Date "2008.04.23"]
[Round "-"]
[White "Carl Lenox"]
[Black "dtedesco"]
[Result "1-0"]
[WhiteCountry "CAN"]
[BlackCountry "CAN"]
[WhiteElo "1225"]
[WhiteRD "58"]
[BlackElo "1470"]
[BlackRD "56"]
[GameID "151723"]

1. e4 c5 2. Nf3 Nc6 3. Nc3 e5 4. Bc4 Be7 5. O-O Nf6 6. d3 b6 7. Ng5 d6 8. Nxf7 Qd7 9. Nxh8 Nd4 10. Nf7 Bb7
11. Be3 Ng4 12. Bd2 d5 13. Bb5 Bc6 14. Ba6 Kxf7 15. h3 Nh6 16. Qh5+ Kg8 17. Bxh6 gxh6 18. Qxh6 dxe4 19. Bc4+ Kh8 20. f4 Bf8
21. Qg5 Bg7 22. Nxe4 Nxc2 23. Rac1 Ne3 24. Rf3 Nf5 25. Qh5 Nd4 26. Rg3 Ne2+ 27. Kh2 Nxc1 28. Ng5 h6 29. Nf7+ Kh7 30. Qg6+ Kg8
31. Qxg7#
1-0

[Event "MDM 2008 Summer Open <1600"]
[Site "SchemingMind.com"]
[Date "2008.04.23"]
[Round "-"]
[White "Brerrabbit"]
[Black "Carl Lenox"]
[Result "0-1"]
[WhiteCountry "SCO"]
[BlackCountry "CAN"]
[WhiteElo "1464"]
[WhiteRD "62"]
[BlackElo "1225"]
[BlackRD "58"]
[GameID "151724"]

1. e4 Nc6 2. Nf3 Nf6 3. Nc3 e5 4. Nxe5 Nxe5 5. d4 Nc6 6. d5 Ne5 7. Bf4 Bd6 8. g3 c5 9. Bg2 b6 10. O-O O-O
11. Bxe5 Bxe5 12. f4 Bd4+ 13. Kh1 d6 14. Re1 Bg4 15. Bf3 Bh3 16. e5 dxe5 17. fxe5 Nd7 18. e6 Ne5 19. Be4 Ng4 20. Bxh7+ Kxh7
21. Ne4 Bxb2 22. Rb1 Bd4 23. Rb3 c4 24. c3 cxb3 25. Qd3 Nf2+ 26. Nxf2+ g6 27. Nxh3 Qxd5+ 28. Re4 f5 29. Qxd4 Qxe4+ 30. Kg1 Qb1+
31. Kg2 Qxa2+ 32. Kf3 g5 33. Nxg5+ Kg6 34. Kf4 Qxh2 35. Qd6 Rad8 36. Qb4 Rd5 37. Qxb3 Qf2+ 38. Nf3 Rd3 39. Ke5 Qe3#
0-1

[Event "MDM 2008 Summer Open <1600"]
[Site "SchemingMind.com"]
[Date "2008.04.25"]
[Round "-"]
[White "hawkeye"]
[Black "Carl Lenox"]
[Result "1-0"]
[WhiteCountry "USA"]
[BlackCountry "CAN"]
[WhiteElo "1478"]
[WhiteRD "94"]
[BlackElo "1225"]
[BlackRD "58"]
[GameID "151725"]

1. e4 e5 2. Nf3 Nc6 3. Bc4 Nh6 4. h3 Bc5 5. O-O O-O 6. c3 d6 7. d4 Bb6 8. Be3 Bd7 9. Bd3 a5 10. b3 Qe7
11. Qc2 Rad8 12. Nbd2 Be6 13. Nc4 d5 14. Nxb6 cxb6 15. exd5 Bxd5 16. Bxh7+ Kh8 17. Be4 Be6 18. Bxc6 bxc6 19. Nxe5 c5 20. Nc6 Qd7
21. Nxd8 Rxd8 22. Qd2 Nf5 23. Rad1 Qd5 24. Qb2 Nh4 25. f3 Bc8 26. Qf2 Rd6 27. Qxh4+ Rh6 28. Bxh6 Qe6 29. Be3+ Kg8 30. Rfe1 Qf5
31. dxc5 Qc2 32. Rd8#
1-0